Para una filosofía política crítica : (Record no. 89981)

MARC details
000 -LEADER
fixed length control field 00766nam a22002057a 4500
005 - DATE AND TIME OF LATEST TRANSACTION
control field 20150313122952.0
008 - FIXED-LENGTH DATA ELEMENTS--GENERAL INFORMATION
fixed length control field 150313b mxu||||| |||| 00| 0 spa d
020 ## - INTERNATIONAL STANDARD BOOK NUMBER
International Standard Book Number 9788476588314
050 ## - LIBRARY OF CONGRESS CALL NUMBER
Classification number JA71
Item number A28 2007
100 1# - MAIN ENTRY--PERSONAL NAME
Personal name Abensour, Miguel,
245 10 - TITLE STATEMENT
Title Para una filosofía política crítica :
Remainder of title ensayos /
Statement of responsibility, etc Pinilla Cañadas, Sheherezade ed.
250 ## - EDITION STATEMENT
Edition statement 1a ed.
260 ## - PUBLICATION, DISTRIBUTION, ETC. (IMPRINT)
Place of publication, distribution, etc Rubí, Barcelona : Anthropos ;
Name of publisher, distributor, etc México, D.F. : UAM, Unidad Iztapalapa, Division de Ciencias Sociales y Humanidades,
Date of publication, distribution, etc 2007
300 ## - PHYSICAL DESCRIPTION
Extent xxvi, 325 p. ;
Dimensions 20 cm.
440 ## - SERIES STATEMENT/ADDED ENTRY--TITLE
Title Pensamiento crítico/pensamiento utópico ;
Number of part/section of a work no. 165
504 ## - BIBLIOGRAPHY, ETC. NOTE
Bibliography, etc Incluye índice
650 #4 - SUBJECT ADDED ENTRY--TOPICAL TERM
Topical term or geographic name as entry element Ciencia política
General subdivision Filosofía
700 ## - ADDED ENTRY--PERSONAL NAME
Personal name Pinilla Cañadas, Sheherezade
Relator term ed.
942 ## - ADDED ENTRY ELEMENTS (KOHA)
Source of classification or shelving scheme Biblioteca del Cogreso de los Estados Unidos
Koha item type Libro
Holdings
Estado de pérdida Fuente de clasificación Estado del daño No para préstamo Ubicación permanente Ubicación actual Apartado o colección Fecha de adquisición Fuente de adquisición Edición Dependencia de educación superior (DES) Área del conocimiento Clasificación Código de Barras Date last seen Número de copia Tipo de recurso
  Biblioteca del Cogreso de los Estados Unidos     Biblioteca de la Facultad de Filosofía Biblioteca de la Facultad de Filosofía Proceso de Gestión Tecnológica y Sistemas 13/03/2015 Unidad Académica Genérico 1a ed. Humanidades Educación y Humanidades JA71 A28 2007 BFF000009202 13/03/2015 C:1 Libro